007990000a22001930004500090001400000245007800014650001900092650003400111650004100145650002400186651006800210653003500278041001300313100003300326942001300359773003600372999001700408952018000425 aARb0179810aLandscape ecology-vegetation map of Tláloc and Pelado volcanoes, Mexico14aConejos99524714aEcología del paisaje99222714aFragmentación del hábitat99452814aVegetación992799 4lVolcanes Tláloc y PeladomCiudad de MéxicopMéxico992749 gRomerolaguseRomerolagus diazi0 aInglés1 aVelázquez, Alejandro99867 cARTICULO1 tITC Journal3607q213-227d1992 c10875d10875 001040718HEMEROTECAaBogotabBogotad2015-02-27eMuñoz Saba, YanethhFuera de circulaciónl0oAR 01798p012160r2015-03-25 00:00:00t1w2015-03-25xDonaciónyARTICULO